| Tag |
First Indicator |
Second Indicator |
Subfields |
| LEADER |
00000cam a2200000Mi 4500 |
| 001 |
in00004049421 |
| 006 |
m o d |
| 007 |
cr |n||||||||| |
| 008 |
180921t20182018sz fod 000 0 eng d |
| 005 |
20221130133845.9 |
| 020 |
|
|
|a 9783035609493
|q electronic bk.
|
| 020 |
|
|
|a 3035609497
|
| 024 |
8 |
|
|a 99980073457
|
| 035 |
|
|
|a (NhCcYBP)ebc5156724
|
| 035 |
|
|
|a in00004049421
|
| 040 |
|
|
|a NhCcYBP
|c NhCcYBP
|d UtOrBLW
|
| 050 |
|
4 |
|a TH2238.5
|b .B85 2018
|
| 072 |
|
7 |
|a ARC009000
|2 bisacsh
|
| 082 |
0 |
4 |
|a 698
|2 23
|
| 245 |
0 |
0 |
|a Building physics of the envelope :
|b principles of construction /
|c Ulrich Knaack, Eddie Koenders (eds.).
|
| 264 |
|
1 |
|a Zurich, Switzerland :
|b Birkhäuser,
|c [2018]
|
| 264 |
|
4 |
|c ©2018
|
| 300 |
|
|
|a 1 online resource.
|
| 336 |
|
|
|a text
|b txt
|2 rdacontent
|
| 337 |
|
|
|a computer
|b c
|2 rdamedia
|
| 338 |
|
|
|a online resource
|b cr
|2 rdacarrier
|
| 347 |
|
|
|a text file
|b PDF
|2 rda
|
| 505 |
0 |
0 |
|t Frontmatter --
|t Contents --
|t 1 Introduction --
|t 2 Thermal Energy --
|t 3 Moisture --
|t 4 Airtightness --
|t 5 Acoustics --
|t 6 Light --
|t 7 Building Physics in Practice --
|t 8 Building Physics and Materials --
|t 9 Building Physics and the Building Envelope --
|t Authors --
|t Selected bibliography --
|t Index --
|t Illustration credits
|
| 546 |
|
|
|a In English.
|
| 588 |
0 |
|
|a Online resource; title from PDF title page (publisher's Web site, viewed 22. Mai 2018).
|
| 500 |
|
|
|a Electronic resource.
|
| 650 |
|
0 |
|a Siding (Building materials)
|0 http://id.loc.gov/authorities/subjects/sh85122322
|
| 655 |
|
7 |
|a Electronic books.
|2 local
|
| 700 |
1 |
|
|a Knaack, Ulrich,
|e editor.
|0 http://id.loc.gov/authorities/names/no2007132822
|
| 700 |
1 |
|
|a Koenders, Eddie,
|e editor.
|
| 710 |
2 |
|
|a ProQuest (Firm)
|0 http://id.loc.gov/authorities/names/n2007068018
|
| 776 |
1 |
|
|c print
|z 9783035611458
|
| 856 |
4 |
0 |
|u https://ebookcentral.proquest.com/lib/tamucs/detail.action?docID=5156724
|z Connect to the full text of this electronic book
|t 0
|
| 955 |
|
|
|a YBP purchased DDA e-records
|
| 980 |
|
|
|b 61.49
|g 1
|
| 987 |
|
|
|a ybp13156823
|
| 999 |
f |
f |
|s 14a121e2-9c63-4ef6-9fa1-ffe5d236a09c
|i 6a9455a7-d2c7-3819-b7ed-10b1df7dbc38
|t 0
|
| 952 |
f |
f |
|a Texas A&M University
|b College Station
|c Electronic Resources
|d Available Online
|t 0
|e TH2238.5 .B85 2018
|h Library of Congress classification
|
| 998 |
f |
f |
|a TH2238.5 .B85 2018
|t 0
|l Available Online
|